000 00256nam a22000977a 4500
100 _aGrace,Divine
_980082
245 _aBhagavad Gita As It Is Second Edition
260 _aMumbai
_bThe Bhaktivedanta book Trust
_c2019
650 _aReligion
_980083
942 _cBK
999 _c63567
_d63567